000 00819nam a2200265 i 4500
001 000046628
003 DO-SdBNP
005 20250609094031.0
007 ta
008 180314s200- dr 000 0 spa d
020 _a9789945906882
040 _aDO-SdBNP
_bspa
_cBNPHU
_erda
082 4 _axxxx
_bR426L
_222
110 1 _aRepública Dominicana
_9447
240 1 0 _a[Leyes, etc.]
245 1 0 _aLey No.140-15. Ley que regula el notariado dominicano e instituye el Colegio Dominicano de Notarios.
264 1 _aSanto Domingo :
_beditor no identificado,
_cfecha no identificada
300 _a36 páginas ;
_c22 cm.
336 _atexto
_btxt
_2rdacontent
337 _asin mediación
_bn
_2rdamedia
338 _avolumen
_bnc
_2rdacarrier
590 _aInventariado, 2018/BT
910 _aBtavárez
942 _2ddc
_cLF2
999 _c46117
_d46117